000 02456nam0a2200409 4500
001 RU\NLR\bibl\1725962
005 20260405075223.0
010 _a978-5-86341-342-6
_990
021 _aRU
_b2010-99584
_96725
035 _a(NLR Aleph) 001716932
035 _a(nilc)LIBNET\0000131599
035 _aRUM0071761
090 _a1315386
_c1315386
100 _a20110127d2010 |||y0rusy50 ca
101 0 _arus
102 _aRU
105 _ay |||||||||
200 1 _aМежфазная тензиометрия в ветеринарии
_eучебное пособие для студентов вузов по направлению подготовки биология (бакалавров, магистров) по курсам: "Биохимия мембран", "Физическая и коллоидная химия"
_fМилаева И. В., Зарудная Е.Н., Зайцев С.Ю., Максимов В.И.
_gМ-во сел. хоз-ва РФ, Федер. гос. образоват. учреждение высш. проф. образования "Моск. гос. акад. ветеринар. медицины и биотехнологии им. К. И. Скрябина"
210 _aМосква
_cМГАВМиБ
_d2010
215 _a109 с.
_d21
320 _aБиблиогр.: с. 108 (10 назв.)
606 1 _aТензиометрия межфазная
_jУчебные издания для высших учебных заведений
_xПрименение в ветеринарии
_92624562
_3RU\NLR\auth\661561122
610 0 _aтензометрия
_aветеринария
_aдиагностика
_aучебные пособия
675 _a619:616-07:636(075)
_v4
686 _a68.41.41.13
_2rugasnti
686 _aП8в727я73
701 1 _aМилаева
_bИ. В.
_gИрина Валерьевна
_4070
701 1 _aЗарудная
_bЕ. Н.
_4070
701 1 _4070
_8rus
_7ca
_aЗайцев
_bС. Ю.
_cд-р хим. наук, д-р биол. наук
_f1958-
_gСергей Юрьевич
_3RU\NLR\AUTH\7724350
_97401
701 1 _4070
_8rus
_7ca
_aМаксимов
_bВ. И.
_cд-р биол. наук
_f1947-
_gВладимир Ильич
_3RU\NLR\auth\7726823
_99861
801 0 _aRU
_bЦНСХБ РАСХН
_c20110127
_gRCR
801 1 _aRU
_bЦНСХБ РАСХН
_c20110127
_gRCR
801 2 _aRU
_bЦНСХБ РАСХН
_c20110520
801 2 _aRU
_bNLR
_c20110121
_grcr
942 _cBOOK
980 _aNB